Čo sa deje Šteniatka

Podrobná bibliografia
Ďalší autori: Wu, Yi-Hsuan (Ilustrátor), Gieciová, Daniela (prekladateľka) (Prekladateľ)
Médium: Kniha
Jazyk:slovenčina
angličtina
Fyzický popis:8 nečíslovaných strán farebné ilustrácie 18 cm
Vydavateľské údaje: Bratislava Svojtka & Co., s.r.o. 2022
ISBN:9788056709252
Vydanie:Prvé slovenské vydanie
Edícia:Tlač, ťahaj, posúvaj
Predmet:

MARC

LEADER 00000cam a2200000 4500
001 vtls012149904
003 SK-MaSNL
005 20260331212410.0
008 220926s2022 xo a a 000 u slo
015 |a SNBA2022/12 
020 |a 9788056709252  |q (viazané) 
040 |a SNK  |b slo  |c SNK  |e rda 
041 1 |a slo  |h eng 
044 |a xo  |c SK 
072 7 |a 821-93  |x Literatúra pre deti a mládež (beletria)  |2 konspekt 
080 |a 821-93  |2 2011 
080 |a 636.7"464"  |2 2011 
080 |a (0.025.2)  |2 2011 
100 1 |a Wu, Yi-Hsuan  |4 ill  |9 569821 
240 1 0 |a Busy puppies  |l Slovensky 
245 1 0 |a Čo sa deje  |p Šteniatka  |c ilustrácie Yi-Hsuan Wu ; preklad Daniela Gieciová 
246 3 0 |a Šteniatka 
250 |a Prvé slovenské vydanie 
264 1 |a Bratislava  |b Svojtka & Co., s.r.o.  |c 2022 
300 |a 8 nečíslovaných strán  |b farebné ilustrácie  |c 18 cm 
336 |a text  |b txt  |2 rdacontent 
336 |a statický obraz  |b sti  |2 rdacontent 
337 |a bez média  |b n  |2 rdamedia 
338 |a zväzok  |b nc  |2 rdacarrier 
490 1 |a Tlač, ťahaj, posúvaj 
500 |a Preložené z angličtiny 
500 |a Kartónové listy s posuvnými prvkami 
650 0 7 |a šteniatka  |2 SNKPH  |9 569822 
650 0 7 |a Puppies  |2 SNKPHeng  |9 397959 
655 7 |a leporelá  |2 SNKPH  |9 60414 
655 7 |a publikácie pre deti  |2 SNKPH  |9 70148 
655 7 |a Picture books for children  |2 SNKPHeng  |9 277438 
655 7 |a Publications for children  |2 SNKPHeng  |9 276792 
700 1 |a Gieciová, Daniela  |c (prekladateľka)  |4 trl  |9 222327 
830 0 |a Tlač, ťahaj, posúvaj  |9 350070 
919 |a 978-80-567-0925-2 
954 |a ilustrované knihy, leporelá, komiksy cudzojazyčné (svetové)  |2 lita 
958 |a DB 
968 |b ENG 
999 |c 873545  |d 875475 
952 |a SNK  |b SNK  |y PREZ  |7 0  |p 17A1515470  |o snkOSD 10812  |i snk2022/17479  |8 0  |0 0  |1 0  |4 0  |d 2022-11-23  |l 0  |r 2026-02-24 05:50:03  |w 2026-02-24 
952 |a SNK  |b SNK  |y PREZ  |7 0  |p 17A1515471  |o snkOSD 10812 D1  |i snk2022/17480  |8 0  |0 0  |1 0  |4 0  |d 2022-11-23  |l 0  |r 2026-02-24 05:50:03  |w 2026-02-24